000 00400nam a2200121Ia 4500
005 20260326235459.0
008 260326s9999||||xx |||||||||||||| ||und||
100 _aRojas, Edward
245 0 _aGuía del Patrimonio arquitectónico de Puerto Octay :
_b Un Paisaje de Casas y torres de Madera de los Siglos XIX y XX /
_cEdward Rojas
260 _bSalesianos
650 _aARQUITECTURA REGIONAL
942 _cBK
999 _c8037
_d8037